| 000 | 01116nam a22003617a 4500 | ||
|---|---|---|---|
| 003 | CHAP | ||
| 005 | 20220329135659.0 | ||
| 008 | 971013s1991 r 00010 d | ||
| 010 | _a40468 | ||
| 011 | _a41440 | ||
| 035 | _a45566 | ||
| 040 | _cCHAP | ||
| 090 | _aFolleto 14475 | ||
| 100 | 0 | 0 |
_aUnwin, D. M. _9116793 |
| 245 | _aInsects, plant and microclimate | ||
| 260 |
_aSlough, England : _bRichmond, _c1991 |
||
| 300 |
_a68 p. _b: ilus. |
||
| 490 |
_aNaturalists' handbook _v; 15 |
||
| 590 |
_aBATCH-UPD _b10 _c20130109 _lUCH01 _h2342 |
||
| 590 |
_aBATCH-UPD _b10 _c20130110 _lUCH01 _h1020 |
||
| 590 |
_aBATCH-UPD _b10 _c20130409 _lUCH01 _h1912 |
||
| 590 |
_aBATCH-UPD _b10 _c20130914 _lUCH01 _h1646 |
||
| 590 |
_aCONVERSION _b10 _c20130109 _lUCH01 _h1322 |
||
| 650 | 1 | 4 |
_aInsectos y tiempo atmosférico. _958963 |
| 650 | 1 | 4 |
_aInsectos. _958888 |
| 650 | 1 | 4 |
_aMicroclima. _975504 |
| 650 | 1 | 4 |
_aPlantas e insectos. _988939 |
| 700 | 0 |
_aCobert, Sarah A. _924168 |
|
| 830 | 0 |
_aNaturalists' handbook _v; 15 _980417 |
|
| 901 | _aBK | ||
| 942 | _cFOLL | ||
| 949 |
_aFolleto 14475 _bBC _cFOLL _d-104068 _eTS1 _gI.c/e _i45566 _si |
||
| 999 |
_c40468 _d40468 |
||